| 000 | 00633pam a2200229 a 4500 | ||
|---|---|---|---|
| 001 | 3398180 | ||
| 005 | 20180814035022.0 | ||
| 008 | 890726s1990 nyua b 001 0 eng | ||
| 010 | _a 89012956 | ||
| 020 |
_a0070153728 _c$40.95 |
||
| 040 |
_aDLC _cDLC _dDLC |
||
| 041 | _aeng | ||
| 080 | _a150.151 | ||
| 082 | 0 | 0 |
_a150.151 _220 |
| 100 | 1 | _a55 | |
| 101 | _aSTA | ||
| 245 | 1 | 0 |
_aRegression and linear models / _cRichard B. Darlington. |
| 504 | _aIncludes bibliographical references (p. 501-502) and index. | ||
| 906 |
_a7 _bcbc _corignew _d1 _eocip _f19 _gy-gencatlg |
||
| 942 |
_2ddc _cBK |
||
| 999 |
_c47072 _d47072 |
||